| 000 | 00479nam a2200181 4500 | ||
|---|---|---|---|
| 003 | SEACOMEC | ||
| 005 | 20250220155058.0 | ||
| 008 | 250220b |||||||| |||| 00| 0 eng d | ||
| 020 |
_a 9788189928667 _c225.00 |
||
| 040 | _aSEACOMEC | ||
| 082 |
_a621.31042 _bM953 |
||
| 100 | _aMukherjee, P. K | ||
| 245 |
_aElectrical Machines / _c P.K.Mukherjee and S. Chakravorti |
||
| 250 | _a2nd ed | ||
| 260 |
_aDelhi _b: Dhanpat Rai , _c1993 |
||
| 300 | _axv, 1022p. :ill | ||
| 942 | _cBOOK | ||
| 999 |
_c2029 _d2029 |
||